La clase de religión hoy: marco de referencia para un diagnóstico

Saved in:
Bibliografiske detaljer
Main Authors: Araya, Patricio (Author), Barrientos, Patricio (Author), Hernández, Monica (Author), Loyola, Rudyard (Author), Olivares, Jacqueline (Author), Pavez, Roberto (Author), Pérez, Lorena (Author), Tobar, María Elena (Author), Vargas, Francisco (Author), Yañez, Samuel (Author)
Institution som forfatter: Red de Centros Teológicos y de Ciencias Religiosas y Filosofía de las Universidades Católica de Chile (Author)
Format: Bog
Sprog:spansk
Udgivet: Talca Universidad Católica del Maule 2015
Udgivelse:1a. ed
Fag:
Tags: Tilføj Tag
Ingen Tags, Vær først til at tagge denne postø!

MARC

LEADER 00000cam a2200000 a 4500
001 UCD1746
003 CL-VaPUC
008 160324e20150700cl |||||||||||||||||spa|d
020 |a 9789567576746 
082 0 4 |a 268  |b ARA  |2 21 
100 0 |a Araya, Patricio  |e author  |9 584883 
700 0 |a Barrientos, Patricio  |e author  |9 584884 
700 0 |a Hernández, Monica  |e author  |9 584885 
700 0 |a Loyola, Rudyard  |e author  |9 584886 
700 0 |a Olivares, Jacqueline  |e author  |9 584887 
700 0 |a Pavez, Roberto  |e author  |9 584888 
700 0 |a Pérez, Lorena  |e author  |9 584889 
700 0 |a Tobar, María Elena  |e author  |9 584890 
700 0 |a Vargas, Francisco  |e author  |9 584891 
700 0 |a Yañez, Samuel  |e author  |9 584892 
110 2 |a Red de Centros Teológicos y de Ciencias Religiosas y Filosofía de las Universidades Católica de Chile  |e author  |9 584893 
245 1 3 |a La clase de religión hoy: marco de referencia para un diagnóstico 
250 |a 1a. ed 
300 |a 58 p 
942 |c BK 
945 |d 20160324 12:59:00  |a arojas 
260 |a Talca  |b Universidad Católica del Maule  |c 2015 
650 0 |a Educación religiosa   |9 308312 
650 0 |a Escuelas religiosas  |9 399889 
583 |a last modification  |c 20160324 12:59:00  |k Rodrigo Vera 
999 |c 363002  |d 363000 
952 |0 0  |1 0  |3 erb  |4 0  |6 268_000000000000000_ARA_2015  |7 0  |8 A  |9 474668  |a BIBTEO  |b BIBTEO  |i 5268591  |o 268 ARA 2015  |p 5268591  |r 2025-01-17  |w 2019-11-24  |y BK  |z Catalogado en:20160324  |k ICR 
952 |0 0  |1 0  |3 erb  |4 0  |6 268_000000000000000_ARA_2015  |7 0  |8 A  |9 474669  |a BIBTEO  |b BIBTEO  |i 5268605  |o 268 ARA 2015  |p 5268605  |r 2025-01-17  |w 2019-11-24  |y BK  |z Catalogado en:20160324  |k ICR 
952 |0 0  |1 0  |3 erb  |4 0  |6 268_000000000000000_ARA_2015  |7 0  |8 A  |9 474670  |a BIBTEO  |b BIBTEO  |i 5268613  |o 268 ARA 2015  |p 5268613  |r 2025-01-17  |w 2019-11-24  |y BK  |z Catalogado en:20160324  |k ICR 
952 |0 0  |1 0  |3 erb  |4 0  |6 268_000000000000000_ARA_2015  |7 0  |8 A  |9 474671  |a BIBTEO  |b BIBTEO  |i 5268621  |o 268 ARA 2015  |p 5268621  |r 2025-01-17  |w 2019-11-24  |y BK  |z Catalogado en:20160324  |k ICR 
952 |0 0  |1 0  |3 erb  |4 0  |6 268_000000000000000_ARA_2015  |7 0  |8 A  |9 474672  |a BIBTEO  |b BIBTEO  |i 526863K  |o 268 ARA 2015  |p 526863K  |r 2025-01-17  |w 2019-11-24  |y BK  |z Catalogado en:20160324  |k ICR 
952 |0 0  |1 0  |3 erb  |4 0  |6 268_000000000000000_ARA_2015  |7 0  |8 A  |9 474673  |a BIBTEO  |b BIBTEO  |i 5268648  |o 268 ARA 2015  |p 5268648  |r 2025-01-17  |w 2019-11-24  |y BK  |z Catalogado en:20160324  |k ICR 
952 |0 0  |1 0  |3 erb  |4 0  |6 268_000000000000000_ARA_2015  |7 0  |8 A  |9 474674  |a BIBTEO  |b BIBTEO  |i 5268656  |o 268 ARA 2015  |p 5268656  |r 2025-01-17  |w 2019-11-24  |y BK  |z Catalogado en:20160324  |k ICR 
952 |0 0  |1 0  |3 erb  |4 0  |6 268_000000000000000_ARA_2015  |7 0  |8 A  |9 474675  |a BIBTEO  |b BIBTEO  |i 5268664  |o 268 ARA 2015  |p 5268664  |r 2025-01-17  |w 2019-11-24  |y BK  |z Catalogado en:20160324  |k ICR 
952 |0 0  |1 0  |3 erb  |4 0  |6 268_000000000000000_ARA_2015  |7 0  |8 A  |9 474676  |a BIBTEO  |b BIBTEO  |i 5268672  |o 268 ARA 2015  |p 5268672  |r 2025-01-17  |w 2019-11-24  |y BK  |z Catalogado en:20160324  |k ICR 
952 |0 0  |1 0  |3 erb  |4 0  |6 268_000000000000000_ARA_2015  |7 0  |8 A  |9 474677  |a BIBTEO  |b BIBTEO  |i 5268680  |o 268 ARA 2015  |p 5268680  |r 2025-01-17  |w 2019-11-24  |y BK  |z Catalogado en:20160324  |k ICR 
952 |0 0  |1 0  |3 erb  |4 0  |6 268_000000000000000_ARA_2015  |7 0  |8 A  |9 474678  |a BIBTEO  |b BIBTEO  |i 5268699  |o 268 ARA 2015  |p 5268699  |r 2025-01-17  |w 2019-11-24  |y BK  |z Catalogado en:20160324  |k ICR 
952 |0 0  |1 0  |3 erb  |4 0  |6 268_000000000000000_ARA_2015  |7 0  |8 A  |9 474679  |a BIBTEO  |b BIBTEO  |i 5268702  |o 268 ARA 2015  |p 5268702  |r 2025-01-17  |w 2019-11-24  |y BK  |z Catalogado en:20160324  |k ICR 
952 |0 0  |1 0  |3 erb  |4 0  |6 268_000000000000000_ARA_2015  |7 0  |8 A  |9 474680  |a BIBTEO  |b BIBTEO  |i 5268710  |o 268 ARA 2015  |p 5268710  |r 2025-01-17  |w 2019-11-24  |y BK  |z Catalogado en:20160324  |k ICR 
952 |0 0  |1 0  |3 erb  |4 0  |6 268_000000000000000_ARA_2015  |7 0  |8 A  |9 474681  |a BIBTEO  |b BIBTEO  |i 5268729  |o 268 ARA 2015  |p 5268729  |r 2025-01-17  |w 2019-11-24  |y BK  |z Catalogado en:20160324  |k ICR 
952 |0 0  |1 0  |3 erb  |4 0  |6 268_000000000000000_ARA_2015  |7 0  |8 A  |9 474682  |a BIBTEO  |b BIBTEO  |i 5268737  |o 268 ARA 2015  |p 5268737  |r 2025-01-17  |w 2019-11-24  |y BK  |z Catalogado en:20160324  |k ICR 
952 |0 0  |1 0  |3 erb  |4 0  |6 268_000000000000000_ARA_2015  |7 0  |8 A  |9 474683  |a BIBTEO  |b BIBTEO  |i 5268745  |o 268 ARA 2015  |p 5268745  |r 2025-01-17  |w 2019-11-24  |y BK  |z Catalogado en:20160324  |k ICR 
952 |0 0  |1 0  |3 erb  |4 0  |6 268_000000000000000_ARA_2015  |7 0  |8 A  |9 474684  |a BIBTEO  |b BIBTEO  |i 5268753  |o 268 ARA 2015  |p 5268753  |r 2025-01-17  |w 2019-11-24  |y BK  |z Catalogado en:20160324  |k ICR 
952 |0 0  |1 0  |3 erb  |4 0  |6 268_000000000000000_ARA_2015  |7 0  |8 A  |9 474685  |a BIBTEO  |b BIBTEO  |i 5268761  |o 268 ARA 2015  |p 5268761  |r 2025-01-17  |w 2019-11-24  |y BK  |z Catalogado en:20160324  |k ICR 
952 |0 0  |1 0  |2 ddc  |4 0  |6 268_000000000000000_ARA_2015  |7 0  |8 A  |9 599859  |a BIBTEO  |b BIBTEO  |c GEN  |d 2025-01-23  |i 560723K  |o 268 ARA 2015  |p 560723K  |r 2025-01-23  |t 19  |w 2025-01-23  |y BK  |k ICR 
952 |0 0  |1 0  |2 ddc  |4 0  |6 268_000000000000000_ARA_2015  |7 0  |8 A  |9 599860  |a BIBTEO  |b BIBTEO  |c GEN  |d 2025-01-23  |i 5607256  |o 268 ARA 2015  |p 5607256  |r 2025-01-23  |t 20  |w 2025-01-23  |y BK  |k ICR 
952 |0 0  |1 0  |2 ddc  |4 0  |6 268_000000000000000_ARA_2015  |7 0  |8 A  |9 599861  |a BIBTEO  |b BIBTEO  |c GEN  |d 2025-01-23  |i 5607248  |o 268 ARA 2015  |p 5607248  |r 2025-01-23  |t 21  |w 2025-01-23  |y BK  |k ICR